000 00846nam a22002771 4500
001 9103
003 BD-RjUL
005 20211208234721.0
008 140120s1968 njua b 001 0 eng
035 _a(BD-RjUL)9148
040 _aDLC
_cDLC
_dDLC
_dBD-RjUL
_beng
041 _aeng
082 0 0 _a537.5
_bVAS 1968
100 1 _aVan der Ziel, Aldert,
_d1910-
_928255
245 1 0 _aSolid state physical electronics /
_cAldert Van der Ziel
250 _a2d ed.
260 _aEnglewood Cliffs, N.J. :
_bPrentice-Hall ,
_cc1968
300 _axv, 633 p. :
_billus. ;
_c23 cm.
490 0 _aSolid state physical electronics series
490 0 _aPrentice-Hall electrical engineering series.
504 _aIncludes bibliographies and index.
650 0 _aElectronics.
_928256
942 _2ddc
_cBK
999 _c9103
_d9103